000 00691nam a2200217Ii 4500
003 JO-AjNU
008 230605s9999||||xx |||||||||||||| ||und||
040 _aJO-AjNU
_bara
_erda
_cJO-AjNU
041 _aara
050 1 4 _aQA371.D365 2004
100 3 _aدنهري، سائد فاضل,
_eauthor
_940686
245 0 0 _aتطبيقات التفاضل
250 _aط العربية
264 3 1 _aعمان:دار اليازوري، 2004
300 _a168ص
336 _atext
_btxt
_2rdacontent
337 _aunmediated
_bn
_2rdamedia
338 _avolume
_bnc
_2rdacarrier
490 0 _aسلسلة الممتاز في الرياضيات
650 4 _aالتفاضل والتكامل
_940687
999 _aA17287
_c20855
_d20855